LIBRARY ONLINE CATALOGUE

Laying the foundation for a working nation : (Record no. 13680)

MARC details
000 -LEADER
fixed length control field 00746cam a22002172 4500
001 - CONTROL NUMBER
control field 0000018800
005 - DATE AND TIME OF LATEST TRANSACTION
control field 20151217155859.0
008 - FIXED-LENGTH DATA ELEMENTS--GENERAL INFORMATION
fixed length control field 100706s xx 000 0 eng d
040 ## - CATALOGING SOURCE
Original cataloging agency KABU
Transcribing agency KABU
110 2# - MAIN ENTRY--CORPORATE NAME
Corporate name or jurisdiction name as entry element Kenya.
Subordinate unit President.
Date of a work 2002-2004.
Name of part/section of a work Mwai Kibaki.
-- 0000178214
245 10 - TITLE STATEMENT
Title Laying the foundation for a working nation :
Remainder of title speeches /
Statement of responsibility, etc. by H. E. President Mwai Kibaki.
250 ## - EDITION STATEMENT
Edition statement 1st ed.
260 ## - PUBLICATION, DISTRIBUTION, ETC. (IMPRINT)
Place of publication, distribution, etc. Nairobi :
Name of publisher, distributor, etc. Govt. Printer,
Date of publication, distribution, etc. [2004]
300 ## - PHYSICAL DESCRIPTION
Extent 92 p.
610 20 - SUBJECT ADDED ENTRY--CORPORATE NAME
Corporate name or jurisdiction name as entry element Kenya
General subdivision History.
-- 0000150215
700 1# - ADDED ENTRY--PERSONAL NAME
Personal name Mwai Kibaki.
-- 0000178215
852 1# - LOCATION
-- p100 KES
852 1# - LOCATION
-- p100 KES
908 ## - PUT COMMAND PARAMETER (RLIN)
Put command parameter 100706
950 ## - LOCAL HOLDINGS (RLIN)
-- 1
Holdings
Withdrawn status Lost status Source of classification or shelving scheme Not for loan Home library Current library Date acquired Total Checkouts Full call number Barcode Date last seen Price effective from Koha item type
    Library of Congress Classification   Kabarak, Main Campus Kabarak, Main Campus 17/12/2015   DT433.584 .K46 2004 c. 1 24739 17/12/2015 17/12/2015 Africana Collection
    Library of Congress Classification   Kabarak, Main Campus Kabarak, Main Campus 17/12/2015   DT433.584 .K46 2004 c. 2 24738 17/12/2015 17/12/2015 Africana Collection